Walk a Mile in the Shoes of a Copyright Troll: Analyzing and Overcoming the Joinder Issue in BitTorrent Lawsuits (Record no. 309887)
[ view plain ]
| 000 -LEADER | |
|---|---|
| fixed length control field | 00549nam a2200145Ia 4500 |
| 008 - FIXED-LENGTH DATA ELEMENTS--GENERAL INFORMATION | |
| fixed length control field | 170221s9999 xx 000 0 und d |
| 100 ## - MAIN ENTRY--PERSONAL NAME | |
| Personal name | Kristina Unanyan |
| 245 ## - TITLE STATEMENT | |
| Title | Walk a Mile in the Shoes of a Copyright Troll: Analyzing and Overcoming the Joinder Issue in BitTorrent Lawsuits |
| 245 ## - TITLE STATEMENT | |
| Statement of responsibility, etc | Kristina Unanyan |
| 260 ## - PUBLICATION, DISTRIBUTION, ETC. (IMPRINT) | |
| Name of publisher, distributor, etc | The Journal of Business, Entrepreneurship & the Law |
| 260 ## - PUBLICATION, DISTRIBUTION, ETC. (IMPRINT) | |
| Date of publication, distribution, etc | November 2016 |
| 300 ## - PHYSICAL DESCRIPTION | |
| Extent | 5 : 4 |
| 650 ## - SUBJECT ADDED ENTRY--TOPICAL TERM | |
| General subdivision | Business |
| 856 ## - ELECTRONIC LOCATION AND ACCESS | |
| Uniform Resource Identifier | <a href="http://digitalcommons.pepperdine.edu/cgi/viewcontent.cgi?article=1133&context=jbel">http://digitalcommons.pepperdine.edu/cgi/viewcontent.cgi?article=1133&context=jbel</a> |
| Withdrawn status | Lost status | Damaged status | Home library | Current library | Date acquired | Total Checkouts | Date last seen | Price effective from | Koha item type |
|---|---|---|---|---|---|---|---|---|---|
| College Library | College Library | 02/21/2017 | 02/21/2017 | 02/21/2017 | Foreign e-journal articles |